Przystanki Linia 60 Szczecin - Statystyki

Ogólne statystyki
  • Ten quiz został rozwiązany 46 razy
  • Średni wynik to 19 z 31
Statystyki odpowiedzi
Numer Przystanek % Poprawnych
31 Cukrowa
97%
1 Stocznia Szczecińska
93%
8 Kołłątaja
83%
13 Unii Lubelskiej
77%
30 Cukrowa Uniwersytet
73%
16 Klonowica Zajezdnia
73%
11 Łękno
73%
9 Słowackiego
73%
10 Teatr Letni
70%
17 Wernyhory
70%
15 Zawadzkiego Kościół
70%
14 Unii Lubelskiej Szpital
67%
7 Ofiar Oświęcimia
63%
23 Ku Słońcu
60%
24 Kwiatowa
60%
5 Sczanieckiej
60%
6 Sczanieckiej
60%
21 Taczaka
60%
2 Antosiewicza
57%
12 Wincentego Pola
57%
20 Łukasińskiego
53%
22 Kmieca
50%
25 Wrocławska
50%
26 Krakowska - Rubież
47%
4 Fabryka Wody
43%
18 Reduty Ordona
43%
28 Zielona
43%
3 1 Maja Business Park
40%
29 Krakowska Uniwersytet
37%
27 Poronińska
30%
19 Kleeberga
27%
Nie znaleziono quizów pasujących do podanych kryteriów
Rozkład punktacji
Procent ludzi z każdym wynikiem
Percentyl według liczby udzielonych odpowiedzi
Twoja historia wyników
Nie rozwiązałeś tego quizu